Statystyki dla Rodzaje drzew w minecraft

Kliknij tutaj aby rozwiązać quiz!

Ogólne statystyki

  • Ten quiz został rozwiązany 42 razy
  • Średni wynik to 6 z 10

Statystyki odpowiedzi

SwiatDrzewo% Poprawnych
OverworldDębowe
100%
OverworldBrzozowe
92%
OverworldAkacjowe
81%
OverworldŚwierkowe
77%
OverworldWiśniowe
69%
OverworldTropikalne
46%
NetherSpaczone
42%
OverworldCiemne dębowe
38%
OverworldNamorzynowe
31%
NetherSzkarłatne
19%

Rozkład punktacji

Percentyl według liczby udzielonych odpowiedzi

Procent ludzi z każdym wynikiem

Twoja historia wyników

Nie rozwiązałeś tego quizu